[Event "147 Stay Safe Play From Home series"]
[Site "T#646013Emanuel Laske"]
[Date "2020.05.13"]
[Round "5"]
[White "Haris kollari 13"]
[Black "Germanicus G"]
[Result "1-0"]
[WhiteElo "1951"]
[BlackElo "1682"]
[PlyCount "109"]
[EventDate "2020.05.13"]
[EventType "swiss (blitz)"]

1. e4 {[%emt 0:00:01]} b6 {[%emt 0:00:03]} 2. Nf3 {[%emt 0:00:01]} Bb7 {[%emt 0:00:00]} 3. Nc3 {[%emt 0:00:01]} e6 {[%emt 0:00:01]} 4. d4 {[%emt 0:00:01]} Bb4 {[%emt 0:00:01]} 5. Bd3 {[%emt 0:00:02]} Nf6 {[%emt 0:00:02]} 6. Qe2 {[%emt 0:00:02]} d5 {[%emt 0:00:01]} 7. e5 {[%emt 0:00:01]} Ne4 {[%emt 0:00:01]} 8. Bd2 {[%emt 0:00:01]} Nxd2 {[%emt 0:00:02]} 9. Qxd2 {[%emt 0:00:02]} c5 {[%emt 0:00:01]} 10. a3 {[%emt 0:00:03]} cxd4 {[%emt 0:00:09]} 11. axb4 {[%emt 0:00:02]} dxc3 {[%emt 0:00:01]} 12. bxc3 {[%emt 0:00:01]} Qc7 {[%emt 0:00:05]} 13. O-O {[%emt 0:00:04]} Nd7 {[%emt 0:00:01]} 14. Bb5 {[%emt 0:00:01]} Bc6 {[%emt 0:00:02]} 15. Bd3 {[%emt 0:00:05]} Nxe5 {[%emt 0:00:04]} 16. Nd4 {[%emt 0:00:07]} Nxd3 {[%emt 0:00:10]} 17. cxd3 {[%emt 0:00:02]} O-O {[%emt 0:00:05]} 18. f4 {[%emt 0:00:06]} a5 {[%emt 0:00:02]} 19. b5 {[%emt 0:00:02]} Bb7 {[%emt 0:00:02]} 20. Rac1 {[%emt 0:00:05]} Rac8 {[%emt 0:00:04]} 21. Rf3 {[%emt 0:00:01]} g6 {[%emt 0:00:07]} 22. h4 {[%emt 0:00:02]} h5 {[%emt 0:00:02]} 23. Rf2 {[%emt 0:00:07]} Qe7 {[%emt 0:00:06]} 24. g3 {[%emt 0:00:02]} Rc7 {[%emt 0:00:13]} 25. Re2 {[%emt 0:00:01]} Qf6 {[%emt 0:00:07]} 26. Nf3 {[%emt 0:00:08]} Rfc8 {[%emt 0:00:02]} 27. d4 {[%emt 0:00:01]} Qf5 {[%emt 0:00:20]} 28. Re3 {[%emt 0:00:06]} Qf6 {[%emt 0:00:28]} 29. Kg2 {[%emt 0:00:02]} Qe7 {[%emt 0:00:03]} 30. Qb2 {[%emt 0:00:07]} Rc4 {[%emt 0:00:13]} 31. Ne5 {[%emt 0:00:05]} Ra4 {[%emt 0:00:04]} 32. Qc2 {[%emt 0:00:20]} Qa3 {[%emt 0:00:12]} 33. Kh3 {[%emt 0:00:01]} Kg7 {[%emt 0:00:07]} 34. g4 {[%emt 0:00:03]} hxg4+ {[%emt 0:00:02]} 35. Nxg4 {[%emt 0:00:01]} Qa2 {[%emt 0:00:01]} 36. Qd3 {[%emt 0:00:05]} Rac4 {[%emt 0:00:04]} 37. Ne5 {[%emt 0:00:15]} Qb3 {[%emt 0:00:06]} 38. Nxc4 {[%emt 0:00:05]} dxc4 {[%emt 0:00:03]} 39. Qb1 {[%emt 0:00:02]} a4 {[%emt 0:00:07]} 40. Kg3 {[%emt 0:00:06]} Bd5 {[%emt 0:00:04]} 41. Qa1 {[%emt 0:00:13]} Qxb5 {[%emt 0:00:09]} 42. Rb1 {[%emt 0:00:01]} Qc6 {[%emt 0:00:02]} 43. Rb4 {[%emt 0:00:03]} b5 {[%emt 0:00:04]} 44. Qb2 {[%emt 0:00:02]} Rb8 {[%emt 0:00:05]} 45. Rxa4 {[%emt 0:00:05]} bxa4 {[%emt 0:00:02]} 46. Qxb8 {[%emt 0:00:01]} Qa6 {[%emt 0:00:08]} 47. h5 {[%emt 0:00:04]} gxh5 {[%emt 0:00:02]} 48. f5 {[%emt 0:00:02]} a3 {[%emt 0:00:10]} 49. Qe5+ {[%emt 0:00:07]} f6 {[%emt 0:00:06]} 50. Qc7+ {[%emt 0:00:02]} Kf8 {[%emt 0:00:11]} 51. fxe6 {[%emt 0:00:05]} Bxe6 {[%emt 0:00:07]} 52. Qc5+ {[%emt 0:00:04]} Kg7 {[%emt 0:00:14]} 53. Re1 {[%emt 0:00:13]} a2 {[%emt 0:00:05]} 54. Qe7+ {[%emt 0:00:06]} Bf7 {[%emt 0:00:02]} 55. Ra1 {[%emt 0:00:01] Zeit (Lag: Av=0.26s, max=0.5s)} 1-0

[Event "147 Stay Safe Play From Home series"]
[Site "T#646013Emanuel Laske"]
[Date "2020.05.13"]
[Round "5"]
[White "Greblah"]
[Black "Little champs"]
[Result "0-1"]
[WhiteElo "1877"]
[BlackElo "2181"]
[Annotator "RC"]
[PlyCount "124"]
[EventDate "2020.05.13"]
[EventType "swiss (blitz)"]

1. e4 {[%emt 0:00:01]} c5 {[%emt 0:00:02]} 2. Nc3 {[%emt 0:00:02]} d6 {[%emt 0:00:00]} 3. g3 {[%emt 0:00:01]} Nf6 {[%emt 0:00:01]} 4. Bg2 {[%emt 0:00:01]} e6 {[%emt 0:00:01]} 5. d3 {[%emt 0:00:01]} Be7 {[%emt 0:00:01]} 6. Nf3 {[%emt 0:00:02]} O-O {[%emt 0:00:01]} 7. O-O {[%emt 0:00:01]} Nc6 {[%emt 0:00:00]} 8. Be3 {[%emt 0:00:05]} d5 {[%emt 0:00:01]} 9. exd5 {[%emt 0:00:02]} exd5 {[%emt 0:00:01]} 10. d4 {[%emt 0:00:01]} c4 {[%emt 0:00:02]} 11. Re1 {[%emt 0:00:15]} h6 {[%emt 0:00:02]} 12. Bf4 {[%emt 0:00:13]} Nh5 {[%emt 0:00:03]} 13. Bd2 {[%emt 0:00:20]} Nf6 {[%emt 0:00:02]} 14. Be3 {[%emt 0:00:49]} Bg4 {[%emt 0:00:06]} 15. h3 {[%emt 0:00:04]} Bh5 {[%emt 0:00:01]} 16. g4 {[%emt 0:00:02]} Bg6 {[%emt 0:00:01]} 17. Ne2 {[%emt 0:00:01]} Nb4 {[%emt 0:00:06]} 18. Rc1 {[%emt 0:00:12]} Nxa2 {[%emt 0:00:02]} 19. Ra1 {[%emt 0:00:01]} Nb4 {[%emt 0:00:02]} 20. Rc1 {[%emt 0:00:01]} Bh7 {[%emt 0:00:02]} 21. Nf4 {[%emt 0:00:06]} Ne4 {[%emt 0:00:01]} 22. Ne5 {[%emt 0:00:08]} Bf6 {[%emt 0:00:06]} 23. c3 {[%emt 0:00:12]} Nc6 {[%emt 0:00:07]} 24. Nxc6 {[%emt 0:00:04]} bxc6 {[%emt 0:00:01]} 25. Qa4 {[%emt 0:00:05]} Qb6 {[%emt 0:00:04]} 26. Re2 {[%emt 0:00:08]} Rfe8 {[%emt 0:00:19]} 27. Ra1 {[%emt 0:00:02]} a5 {[%emt 0:00:05]} 28. Nh5 {[%emt 0:00:02]} Bd8 {[%emt 0:00:16]} 29. Bf4 {[%emt 0:00:11]} Bc7 {[%emt 0:00:03]} 30. Bxc7 {[%emt 0:00:03]} Qxc7 {[%emt 0:00:01]} 31. f3 {[%emt 0:00:06]} Nd6 {[%emt 0:00:08]} 32. Rxe8+ {[%emt 0:00:04]} Nxe8 {[%emt 0:00:02]} 33. Re1 {[%emt 0:00:01]} Bg6 {[%emt 0:00:04]} 34. Re5 {[%emt 0:00:08]} Bxh5 {[%emt 0:00:01]} 35. Rxh5 {[%emt 0:00:01]} Rb8 {[%emt 0:00:03]} 36. Qa3 {[%emt 0:00:04]} Nd6 {[%emt 0:00:04]} 37. Re5 {[%emt 0:00:02]} Rb3 {[%emt 0:00:13]} 38. Qa1 {[%emt 0:00:05]} Qb7 {[%emt 0:00:07]} 39. Kh2 {[%emt 0:00:01]} Qb6 {[%emt 0:00:08]} 40. Qa3 {[%emt 0:00:02]} Rxa3 {[%emt 0:00:11]} 41. bxa3 {[%emt 0:00:03]} g6 {[%emt 0:00:04]} 42. Re7 {[%emt 0:00:01]} Qb2 {[%emt 0:00:04]} 43. Rd7 {[%emt 0:00:01]} Nb5 {[%emt 0:00:01]} 44. a4 {[%emt 0:00:02]} Nxc3 {[%emt 0:00:01]} 45. f4 {[%emt 0:00:01]} Ne4 {[%emt 0:00:02]} 46. Re7 {[%emt 0:00:02]} Qf2 {[%emt 0:00:03]} 47. f5 {[%emt 0:00:01]} Qf4+ {[%emt 0:00:01]} 48. Kg1 {[%emt 0:00:01]} gxf5 {[%emt 0:00:01]} 49. gxf5 {[%emt 0:00:01]} Qf2+ {[%emt 0:00:01]} 50. Kh2 {[%emt 0:00:02]} Qf4+ {[%emt 0:00:01]} 51. Kg1 {[%emt 0:00:03]} Qxf5 {[%emt 0:00:01]} 52. Re5 {[%emt 0:00:01]} Qf2+ {[%emt 0:00:02]} 53. Kh2 {[%emt 0:00:01]} Qxd4 {[%emt 0:00:01]} 54. Rh5 {[%emt 0:00:02]} c3 {[%emt 0:00:02]} 55. Bxe4 {[%emt 0:00:02]} Qxe4 {[%emt 0:00:03]} 56. Rxh6 {[%emt 0:00:05]} Qf4+ {[%emt 0:00:01]} 57. Kg2 {[%emt 0:00:01]} Qg5+ {[%emt 0:00:01]} 58. Kh2 {[%emt 0:00:01]} Qxh6 {[%emt 0:00:01]} 59. h4 {[%emt 0:00:00]} Qd2+ {[%emt 0:00:02]} 60. Kh3 {[%emt 0:00:01]} c2 {[%emt 0:00:01]} 61. Kg4 {[%emt 0:00:01]} c1=Q {[%emt 0:00:01]} 62. Kh5 {[%emt 0:00:01]} Qe2# {[%emt 0:00:01] (Lag: Av=0.58s, max=1.6s)} 0-1

[Event "147 Stay Safe Play From Home series"]
[Site "T#646013Emanuel Laske"]
[Date "2020.05.13"]
[Round "5"]
[White "matanant"]
[Black "Tumnik_ad"]
[Result "0-1"]
[WhiteElo "1758"]
[BlackElo "1876"]
[Annotator "NA"]
[PlyCount "90"]
[EventDate "2020.05.13"]
[EventType "swiss (blitz)"]

1. b3 {[%emt 0:00:36]} Nh6 {[%emt 0:00:00]} 2. Bb2 {[%emt 0:00:02]} c5 {[%emt 0:00:06]} 3. e4 {[%emt 0:00:05]} Nc6 {[%emt 0:00:01]} 4. f4 {[%emt 0:00:02]} d5 {[%emt 0:00:02]} 5. exd5 {[%emt 0:00:10]} Qxd5 {[%emt 0:00:00]} 6. Nf3 {[%emt 0:00:01]} Bg4 {[%emt 0:00:05]} 7. Be2 {[%emt 0:00:02]} O-O-O {[%emt 0:00:08]} 8. O-O {[%emt 0:00:07]} Nf5 {[%emt 0:00:14]} 9. Ne5 {[%emt 0:00:11]} Bxe2 {[%emt 0:00:08]} 10. Qxe2 {[%emt 0:00:02]} Ncd4 {[%emt 0:00:09]} 11. Qd3 {[%emt 0:00:18]} f6 {[%emt 0:00:09]} 12. Ng4 {[%emt 0:00:21]} h5 {[%emt 0:00:28]} 13. Ne3 {[%emt 0:00:03]} Nxe3 {[%emt 0:00:08]} 14. dxe3 {[%emt 0:00:04]} Nc6 {[%emt 0:00:23]} 15. Qxd5 {[%emt 0:00:02]} Rxd5 {[%emt 0:00:00]} 16. e4 {[%emt 0:00:34]} Rd7 {[%emt 0:00:02]} 17. e5 {[%emt 0:00:03]} Nd4 {[%emt 0:00:06]} 18. Na3 {[%emt 0:00:09]} a6 {[%emt 0:00:09]} 19. c3 {[%emt 0:00:07]} Ne2+ {[%emt 0:00:18]} 20. Kh1 {[%emt 0:00:04]} g5 {[%emt 0:00:24]} 21. e6 {[%emt 0:00:02]} Rd2 {[%emt 0:00:05]} 22. Nc4 {[%emt 0:00:23]} Rc2 {[%emt 0:00:12]} 23. Bc1 {[%emt 0:00:19]} Rxc3 {[%emt 0:00:18]} 24. fxg5 {[%emt 0:00:07]} Rxc1 {[%emt 0:00:08]} 25. Raxc1 {[%emt 0:00:03]} Nxc1 {[%emt 0:00:00]} 26. Rxc1 {[%emt 0:00:02]} fxg5 {[%emt 0:00:03]} 27. Rd1 {[%emt 0:00:08]} Bg7 {[%emt 0:00:09]} 28. Rd7 {[%emt 0:00:02]} Bf6 {[%emt 0:00:02]} 29. Nb6+ {[%emt 0:00:03]} Kb8 {[%emt 0:00:01]} 30. Nd5 {[%emt 0:00:03]} Re8 {[%emt 0:00:05]} 31. a4 {[%emt 0:00:05]} b5 {[%emt 0:00:06]} 32. axb5 {[%emt 0:00:13]} axb5 {[%emt 0:00:00]} 33. Nc7 {[%emt 0:00:02]} Rh8 {[%emt 0:00:09]} 34. Nxb5 {[%emt 0:00:02]} h4 {[%emt 0:00:06]} 35. h3 {[%emt 0:00:03]} Rg8 {[%emt 0:00:02] .} 36. Kg1 {[%emt 0:00:08]} Rc8 {[%emt 0:00:04]} 37. Na3 {[%emt 0:00:04]} Bd4+ {[%emt 0:00:05] matanant reconnected.} 38. Kf1 {[%emt 0:00:06]} Rf8+ {[%emt 0:00:00]} 39. Ke2 {[%emt 0:00:01]} Rf2+ {[%emt 0:00:02]} 40. Kd3 {[%emt 0:00:00]} Ra2 {[%emt 0:00:02]} 41. Kc4 {[%emt 0:00:00]} Rxa3 {[%emt 0:00:01]} 42. Kd5 {[%emt 0:00:01]} Rxb3 {[%emt 0:00:02]} 43. Kc6 {[%emt 0:00:00]} Ka8 {[%emt 0:00:07]} 44. Rd8+ {[%emt 0:00:00]} Rb8 {[%emt 0:00:02]} 45. Rd7 {[%emt 0:00:00]} Rc8+ {[%emt 0:00:01] Time (Lag: Av=1.06s, max=15.3s)} 0-1

[Event "147 Stay Safe Play From Home series"]
[Site "T#646013Emanuel Laske"]
[Date "2020.05.13"]
[Round "5"]
[White "Edmatuag"]
[Black "Lazieri3"]
[Result "0-1"]
[WhiteElo "1708"]
[BlackElo "2011"]
[PlyCount "92"]
[EventDate "2020.05.13"]
[EventType "swiss (blitz)"]

1. e4 {[%emt 0:00:02]} c6 {[%emt 0:00:00]} 2. d4 {[%emt 0:00:04]} d5 {[%emt 0:00:00]} 3. e5 {[%emt 0:00:02]} Bf5 {[%emt 0:00:01]} 4. Nf3 {[%emt 0:00:01]} e6 {[%emt 0:00:01]} 5. Be2 {[%emt 0:00:01]} h6 {[%emt 0:00:01]} 6. O-O {[%emt 0:00:01]} c5 {[%emt 0:00:01]} 7. c3 {[%emt 0:00:02]} Nc6 {[%emt 0:00:01]} 8. Be3 {[%emt 0:00:01]} cxd4 {[%emt 0:00:01]} 9. cxd4 {[%emt 0:00:02]} Bb4 {[%emt 0:00:02]} 10. Bd2 {[%emt 0:00:09]} Bxd2 {[%emt 0:00:01]} 11. Qxd2 {[%emt 0:00:02]} Nge7 {[%emt 0:00:00]} 12. Nc3 {[%emt 0:00:02]} a6 {[%emt 0:00:02]} 13. a3 {[%emt 0:00:04]} O-O {[%emt 0:00:01]} 14. Rac1 {[%emt 0:00:02]} Rc8 {[%emt 0:00:01]} 15. b4 {[%emt 0:00:09]} Na7 {[%emt 0:00:07]} 16. h3 {[%emt 0:00:09]} Qd7 {[%emt 0:00:01]} 17. g4 {[%emt 0:00:05]} Bg6 {[%emt 0:00:03]} 18. Nh4 {[%emt 0:00:06]} Bh7 {[%emt 0:00:01]} 19. f4 {[%emt 0:00:04]} Nb5 {[%emt 0:00:01]} 20. Nxb5 {[%emt 0:00:17]} axb5 {[%emt 0:00:00]} 21. Rf3 {[%emt 0:00:09]} Rxc1+ {[%emt 0:00:04]} 22. Qxc1 {[%emt 0:00:02]} Be4 {[%emt 0:00:11]} 23. Rc3 {[%emt 0:00:04]} Nc6 {[%emt 0:00:01]} 24. Bxb5 {[%emt 0:00:11]} Qe7 {[%emt 0:00:01]} 25. Bxc6 {[%emt 0:00:02]} Qxh4 {[%emt 0:00:05]} 26. Bb5 {[%emt 0:00:05]} h5 {[%emt 0:00:02]} 27. Be2 {[%emt 0:00:12]} hxg4 {[%emt 0:00:04]} 28. Bxg4 {[%emt 0:00:07]} f5 {[%emt 0:00:11]} 29. exf6 {[%emt 0:00:03]} Rxf6 {[%emt 0:00:02]} 30. a4 {[%emt 0:01:35]} g5 {[%emt 0:00:30]} 31. Rc8+ {[%emt 0:00:13]} Kg7 {[%emt 0:00:56]} 32. Qc7+ {[%emt 0:00:05]} Rf7 {[%emt 0:00:06]} 33. Qe5+ {[%emt 0:00:01]} Rf6 {[%emt 0:00:08]} 34. Qxg5+ {[%emt 0:00:32]} Qxg5 {[%emt 0:00:03]} 35. fxg5 {[%emt 0:00:00]} Rf7 {[%emt 0:00:18]} 36. Bxe6 {[%emt 0:00:01]} Re7 {[%emt 0:00:01]} 37. Rg8+ {[%emt 0:00:02]} Kh7 {[%emt 0:00:02]} 38. g6+ {[%emt 0:00:00]} Bxg6 {[%emt 0:00:04]} 39. Rxg6 {[%emt 0:00:03]} Kxg6 {[%emt 0:00:01]} 40. Bg4 {[%emt 0:00:00]} Re4 {[%emt 0:00:06]} 41. a5 {[%emt 0:00:02]} Rxd4 {[%emt 0:00:01]} 42. b5 {[%emt 0:00:00]} Ra4 {[%emt 0:00:02]} 43. Bf3 {[%emt 0:00:03]} Rxa5 {[%emt 0:00:03]} 44. Bxd5 {[%emt 0:00:01]} Rxb5 {[%emt 0:00:01]} 45. Be4+ {[%emt 0:00:00]} Kg5 {[%emt 0:00:01]} 46. Kf2 {[%emt 0:00:00]} Rb3 {[%emt 0:00:02] Time (Lag: Av=0.61s, max=1.4s)} 0-1

[Event "147 Stay Safe Play From Home series"]
[Site "T#646013Emanuel Laske"]
[Date "2020.05.13"]
[Round "5"]
[White "Gmbasti"]
[Black "Rolf03"]
[Result "1/2-1/2"]
[WhiteElo "1618"]
[BlackElo "1805"]
[Annotator "NA"]
[PlyCount "69"]
[EventDate "2020.05.13"]
[EventType "swiss (blitz)"]

1. c4 {[%emt 0:00:15]} c6 {[%emt 0:00:05]} 2. e3 {[%emt 0:00:00]} e5 {[%emt 0:00:06]} 3. d4 {[%emt 0:00:00]} exd4 {[%emt 0:00:05]} 4. exd4 {[%emt 0:00:02]} d5 {[%emt 0:00:04]} 5. cxd5 {[%emt 0:00:05]} Qxd5 {[%emt 0:00:06]} 6. Nc3 {[%emt 0:00:00]} Bb4 {[%emt 0:00:05]} 7. Be3 {[%emt 0:00:05]} Nf6 {[%emt 0:00:07]} 8. h3 {[%emt 0:00:02]} Ne4 {[%emt 0:00:06]} 9. Qc2 {[%emt 0:00:03]} Be6 {[%emt 0:00:07]} 10. Nf3 {[%emt 0:00:01]} O-O {[%emt 0:00:07]} 11. Bd3 {[%emt 0:00:04]} Nf6 {[%emt 0:00:05]} 12. O-O {[%emt 0:00:18]} Qd6 {[%emt 0:00:06]} 13. Ne4 {[%emt 0:00:21]} Nxe4 {[%emt 0:00:07]} 14. Bxe4 {[%emt 0:00:01]} f5 {[%emt 0:00:04]} 15. Bd3 {[%emt 0:00:04]} Nd7 {[%emt 0:00:04]} 16. a3 {[%emt 0:00:01]} Ba5 {[%emt 0:00:06]} 17. b4 {[%emt 0:00:01]} Bc7 {[%emt 0:00:05]} 18. g3 {[%emt 0:00:11]} Qd5 {[%emt 0:00:07]} 19. Ne5 {[%emt 0:00:10]} Nxe5 {[%emt 0:00:07]} 20. dxe5 {[%emt 0:00:11]} Bxe5 {[%emt 0:00:04]} 21. Rad1 {[%emt 0:00:11]} Qb3 {[%emt 0:00:06]} 22. Qxb3 {[%emt 0:01:29]} Bxb3 {[%emt 0:00:07]} 23. Rd2 {[%emt 0:00:08]} a5 {[%emt 0:00:07]} 24. Bc5 {[%emt 0:00:02]} Bc3 {[%emt 0:00:06]} 25. Re2 {[%emt 0:00:03]} Rf7 {[%emt 0:00:06]} 26. Rc1 {[%emt 0:00:05]} axb4 {[%emt 0:00:06]} 27. axb4 {[%emt 0:00:01]} Ba1 {[%emt 0:00:05]} 28. Re3 {[%emt 0:00:13]} Bb2 {[%emt 0:00:06]} 29. Rb1 {[%emt 0:00:01]} f4 {[%emt 0:00:06]} 30. gxf4 {[%emt 0:00:15]} Rxf4 {[%emt 0:00:05]} 31. Rxb2 {[%emt 0:00:02]} Bf7 {[%emt 0:00:05]} 32. Kg2 {[%emt 0:00:04]} Rd8 {[%emt 0:00:06]} 33. Rbe2 {[%emt 0:00:05]} g6 {[%emt 0:00:07]} 34. Bc2 {[%emt 0:00:06] Rolf03 bietet Remis} Bd5+ {[%emt 0:00:11]} 35. f3 {[%emt 0:00:03] Gmbasti bietet Remis (Lag: Av=0.43s, max=0.7s)} 1/2-1/2

[Event "147 Stay Safe Play From Home series"]
[Site "T#646013Emanuel Laske"]
[Date "2020.05.13"]
[Round "6"]
[White "Little champs"]
[Black "Lazieri3"]
[Result "1-0"]
[WhiteElo "2186"]
[BlackElo "2016"]
[Annotator "RC"]
[PlyCount "123"]
[EventDate "2020.05.13"]
[EventType "swiss (blitz)"]

1. d4 {[%emt 0:00:09]} c6 {[%emt 0:00:00]} 2. Nc3 {[%emt 0:00:05]} d5 {[%emt 0:00:00]} 3. e3 {[%emt 0:00:01]} Bf5 {[%emt 0:00:01]} 4. Bd3 {[%emt 0:00:02]} Bxd3 {[%emt 0:00:01]} 5. Qxd3 {[%emt 0:00:01]} e6 {[%emt 0:00:01]} 6. Nf3 {[%emt 0:00:00]} Nf6 {[%emt 0:00:01]} 7. O-O {[%emt 0:00:01]} Nbd7 {[%emt 0:00:01]} 8. e4 {[%emt 0:00:01]} dxe4 {[%emt 0:00:02]} 9. Nxe4 {[%emt 0:00:01]} Nxe4 {[%emt 0:00:00]} 10. Qxe4 {[%emt 0:00:01]} Nf6 {[%emt 0:00:00]} 11. Qd3 {[%emt 0:00:01]} h6 {[%emt 0:00:01]} 12. Rd1 {[%emt 0:00:01]} Bd6 {[%emt 0:00:01]} 13. c4 {[%emt 0:00:02]} O-O {[%emt 0:00:01]} 14. Qe2 {[%emt 0:00:05]} Qc7 {[%emt 0:00:01]} 15. a3 {[%emt 0:00:03]} Bf4 {[%emt 0:00:01]} 16. Be3 {[%emt 0:00:03]} Ng4 {[%emt 0:00:02]} 17. Bxf4 {[%emt 0:00:02]} Qxf4 {[%emt 0:00:02]} 18. h3 {[%emt 0:00:01]} Nf6 {[%emt 0:00:06]} 19. Rd3 {[%emt 0:00:02]} Rfd8 {[%emt 0:00:05]} 20. Rad1 {[%emt 0:00:01]} Qe4 {[%emt 0:00:13]} 21. Re3 {[%emt 0:00:05]} Qf5 {[%emt 0:00:05]} 22. Ne5 {[%emt 0:00:03]} Qh5 {[%emt 0:00:14]} 23. g4 {[%emt 0:00:13]} Qh4 {[%emt 0:00:09]} 24. Kg2 {[%emt 0:00:07]} Nd7 {[%emt 0:00:04]} 25. Nf3 {[%emt 0:00:05]} Qf6 {[%emt 0:00:02]} 26. d5 {[%emt 0:00:06]} exd5 {[%emt 0:00:07]} 27. cxd5 {[%emt 0:00:01]} cxd5 {[%emt 0:00:06]} 28. Rxd5 {[%emt 0:00:01]} Nb6 {[%emt 0:00:02]} 29. Rf5 {[%emt 0:00:01]} Qc6 {[%emt 0:00:08]} 30. Re7 {[%emt 0:00:03]} Rf8 {[%emt 0:00:01]} 31. Qe4 {[%emt 0:00:36]} Qxe4 {[%emt 0:00:08]} 32. Rxe4 {[%emt 0:00:02]} Rfe8 {[%emt 0:00:05]} 33. Rb4 {[%emt 0:00:02]} Re7 {[%emt 0:00:11]} 34. h4 {[%emt 0:00:11]} g6 {[%emt 0:00:02]} 35. Rfb5 {[%emt 0:00:08]} Rd8 {[%emt 0:00:06]} 36. a4 {[%emt 0:00:02]} Rdd7 {[%emt 0:00:01]} 37. a5 {[%emt 0:00:12]} Nd5 {[%emt 0:00:06]} 38. Rd4 {[%emt 0:00:02]} Nf6 {[%emt 0:00:15]} 39. Rxd7 {[%emt 0:00:01]} Rxd7 {[%emt 0:00:01]} 40. g5 {[%emt 0:00:00]} hxg5 {[%emt 0:00:02]} 41. hxg5 {[%emt 0:00:17]} Ne4 {[%emt 0:00:09]} 42. Re5 {[%emt 0:00:02]} Nd2 {[%emt 0:00:10]} 43. Re8+ {[%emt 0:00:03]} Kg7 {[%emt 0:00:02]} 44. Ne5 {[%emt 0:00:01]} Rc7 {[%emt 0:00:04]} 45. Ng4 {[%emt 0:00:09]} Rc5 {[%emt 0:00:24]} 46. f4 {[%emt 0:00:03]} Rc2 {[%emt 0:00:07]} 47. Kh3 {[%emt 0:00:18]} Rc6 {[%emt 0:01:15]} 48. Nf6 {[%emt 0:00:16]} Rxf6 {[%emt 0:00:01]} 49. gxf6+ {[%emt 0:00:01]} Kxf6 {[%emt 0:00:00]} 50. Rb8 {[%emt 0:00:01]} b6 {[%emt 0:00:06]} 51. a6 {[%emt 0:00:02]} Nc4 {[%emt 0:00:02]} 52. Rb7 {[%emt 0:00:01]} Nxb2 {[%emt 0:00:01]} 53. Rxa7 {[%emt 0:00:01]} Nc4 {[%emt 0:00:00]} 54. Rb7 {[%emt 0:00:02]} Na5 {[%emt 0:00:03]} 55. Rxb6+ {[%emt 0:00:02]} Kf5 {[%emt 0:00:00]} 56. Rb5+ {[%emt 0:00:01]} Kxf4 {[%emt 0:00:00]} 57. Rxa5 {[%emt 0:00:00]} g5 {[%emt 0:00:00]} 58. a7 {[%emt 0:00:00]} g4+ {[%emt 0:00:00]} 59. Kg2 {[%emt 0:00:00]} f5 {[%emt 0:00:00]} 60. a8=Q {[%emt 0:00:01]} g3 {[%emt 0:00:00]} 61. Ra4+ {[%emt 0:00:01]} Kg5 {[%emt 0:00:00]} 62. Qg8+ {[%emt 0:00:02] Time (Lag: Av=0.78s, max=2.6s)} 1-0

[Event "147 Stay Safe Play From Home series"]
[Site "T#646013Emanuel Laske"]
[Date "2020.05.13"]
[Round "6"]
[White "Weltszmerc"]
[Black "Tumnik_ad"]
[Result "1-0"]
[WhiteElo "2055"]
[BlackElo "1888"]
[Annotator "TA"]
[PlyCount "165"]
[EventDate "2020.05.13"]
[EventType "swiss (blitz)"]

{[%evp 10,165,29,-22,-10,-273,1,0,2,-40,-47,-102,185,180,275,275,282,283,278,275,276,275,272,209,214,174,345,263,483,262,395,324,322,261,260,248,248,177,181,188,177,177,181,173,315,302,316,311,293,298,419,419,419,419,419,419,592,551,550,419,419,403,387,360,333,253,233,205,195,200,202,218,196,203,183,202,193,202,206,181,208,172,326,329,508,516,567,560,504,457,1057,478,1054,957,873,867,678,0,4790,1513,29974,29938,29971,29973,29985,29986,29986,29981,29980,29981,29982,29981,29994,29991,29997,29989,29989,29990,29992,29989,29996,29995,29997,29996,29996,29991,29991,29992,29992,29993,29993,29991,29994,29992,29992,29991,29991,29992,29992,29993,29993,29992,29992,29993,29993,29994,29995,29996,29996,29997,29997,29997,29997,29997,29997,29998,29998,29999]} 1. d4 e6 2. c4 b6 3. Nc3 Bb7 4. e4 Bb4 5. Bd3 f5 6. Qe2 (6. f3 $142) 6... Nf6 $11 {White must now prevent ...fxe4. A40: Unusual replies to 1 d4.} 7. e5 $2 {[%mdl 8192] [#]} (7. f3 $11) 7... Ne4 $146 (7... Bxg2 $19 {Hoping for ...Ng8.} 8. Bg5 {[%mdl 64] Pin} Bxh1 9. exf6 gxf6 10. Qh5+ Ke7) ({Predecessor:} 7... Bxg2 8. exf6 Qxf6 9. f3 Bxh1 10. Qf2 Nc6 11. Nge2 e5 12. Kf1 Bxc3 13. Nxc3 e4 14. Nd5 Qxd4 15. Qxd4 Nxd4 16. Nxc7+ {0-1 (23) Ma,Y (2375)-Bokros,A (2405) Groningen 1999}) 8. Bxe4 Bxe4 {The position is equal.} 9. f3 Bb7 10. a3 ({White should try} 10. Bd2 $15) 10... Ba5 $2 {[%mdl 8192]} (10... Bxc3+ $17 {and life is bright.} 11. bxc3 Nc6) 11. b4 $36 {[%mdl 2048] White has strong initiative. White now steadily converts the win.} Qh4+ (11... Nc6 $142 12. Qf2 (12. bxa5 Nxd4 13. Qd1 Nc6 $16) 12... Bxb4 13. axb4 Nxb4) 12. Qf2 Qxf2+ 13. Kxf2 Nc6 14. Nge2 ({Don't do} 14. bxa5 Nxa5 15. c5 Nb3 $18) 14... Bxb4 15. axb4 Nxb4 16. Ba3 Nc6 17. f4 h6 $2 (17... Na5 18. c5 Kf7) 18. d5 Nd8 $2 (18... Na5 19. Nb5 O-O-O) 19. Nd4 (19. Nb5 $142) 19... Kf7 (19... Rc8 {was necessary.} 20. Rhd1 g5) 20. dxe6+ Nxe6 21. Nxe6 dxe6 22. Nb5 Rhc8 23. Rhd1 {Threatens to win with Rd7+.} Bc6 24. Bb2 a6 25. Nd4 Be4 26. Nf3 {Strongly threatening Rd7+.} a5 (26... Re8 $142 27. Rd7+ Re7) 27. Rd7+ Kg8 28. Rad1 Bc6 29. Re7 Rd8 (29... Ba4 {might work better.}) 30. Rxd8+ Rxd8 31. Rxc7 Bxf3 32. Kxf3 {[%mdl 4096] Endgame KRB-KR} Rd3+ (32... Rd2 {is a better defense.} 33. Bc1 Rc2) 33. Ke2 Rb3 34. Bc1 a4 35. Ra7 Rc3 36. Be3 Rxc4 37. Bxb6 Rxf4 38. Bc7 Rc4 39. Bd6 Rc2+ 40. Kf3 Rc3+ {[#]} 41. Kf2 $1 Rc2+ 42. Kg3 Rc3+ {[#]} 43. Kh4 $1 Rc4+ 44. Kh3 Re4 45. g3 Rc4 $2 (45... g5 {was called for.} 46. Kg2 Re2+ 47. Kf1 Ra2) 46. Re7 Rc8 (46... Rd4 $142 47. Rxe6 Kf7 48. Re7+ Kg8) 47. Rxe6 Ra8 {and if ...a3 works, Black does fine.} 48. Ba3 Kf7 49. Rb6 g6 (49... Re8 $142 50. Rb7+ Kg6) 50. Kg2 (50. e6+ $142 Kf6 51. e7+ Kf7 52. Rd6) 50... Rc8 (50... Re8 $142 51. Rf6+ Kg7) 51. Rf6+ Kg7 52. Ra6 Rc2+ 53. Kh3 $2 (53. Kf1 $18 Rc8 54. Rxa4) 53... Rc4 $2 {[%mdl 8192]} (53... g5 $11 54. g4 (54. Ra7+ Kg6 $11) 54... Rc3+ {[%mdl 64] Double Attack} 55. Kg2 Rxa3 56. gxf5 Re3) 54. e6 (54. Ra7+ $142 Kg8 55. e6) 54... Re4 55. e7 {White mates.} Kf7 56. Ra8 h5 57. Rf8+ Kg7 58. e8=Q Rxe8 59. Rxe8 Kf6 60. Bb2+ Kg5 61. Re6 f4 62. Re5+ Kf6 63. gxf4 Kg7 64. Ra5+ Kh6 65. Kh4 Kh7 66. Ra7+ Kh6 67. Bf6 {[%csl Gf4,Gh4][%cal Rf6g5]} g5+ 68. Bxg5+ Kg6 69. Rxa4 Kf5 70. Kxh5 Ke6 71. Kg6 Kd5 72. Ra6 Kc5 73. f5 Kb5 74. Re6 Kc5 75. h4 Kd5 76. h5 Kc5 77. h6 Kb5 78. h7 Kc4 79. h8=Q Kd5 80. Qd8+ Kc4 81. Re7 Kb5 82. Rc7 Ka6 83. Qb8 {Accuracy: White = 50%, Black = 33%.} 1-0